Normal view
MARC view
- مصطفى، اكرم فتحي
Entry Personal Name
001 - CONTROL NUMBER
- control field: 62337
003 - CONTROL NUMBER IDENTIFIER
- control field: JO-AjAnu
005 - DATE AND TIME OF LATEST TRANSACTION
- control field: 20230606084200.0
008 - FIXED-LENGTH DATA ELEMENTS
- fixed length control field: 230606|| aca||aabn | a|a d
040 ## - CATALOGING SOURCE
- Original cataloging agency: JO-AjAnu
- Transcribing agency: JO-AjAnu
100 ## - HEADING--PERSONAL NAME
- Personal name: مصطفى، اكرم فتحي
670 ## - SOURCE DATA FOUND
- Source citation: Work cat.: (JO-AjAnu)31791: مصطفى، اكرم فتحي, author, دعم التعليم الرقمي وتقييم الاداء الاكاديمي: (دليل نظري وتطبيقي لممارسات دعم وتقييم الاداء الاكاديمي في التعلم الرقمي)